000 00619nam a22001937a 4500
005 20251108174935.0
008 250721s2010 xx 000 0 ara d
082 1 4 _a327.1162/علا
100 1 _aعلام، محمد عبد الهادي
245 1 0 _aخريف الدبلوماسية المصرية نحو مراجعة واجبة /
264 1 _aالقاهرة :
_bمكتبة مدبولي،
_c2010.
300 _a251ص.
650 1 7 _aالسياسة الخارجية
650 1 7 _aالعلاقات الدبلوماسية
650 1 7 _aمصر
650 1 7 _aالسياسة
942 _2ddc
_cBK
999 _c122060
_d122060